000 00918nam a2200229Ia 4500
001 23753
003 GE_BSU
008 181216s||||||||xx |||||||||||||| ||und||
040 _cGE_BSU
080 _a821.133.1 + 821.133.1-31
100 _aდიუმა, ა.
245 _aთხზულებანი : 25 ტომად. ტ. 1 : გრაფი მონტე-კრისტო. ნაწ. 1-2
245 _cთარგმნა თამარ საჯაიამ ; რედ.: ევა ჩიკაშუა. მხატვ. ირ. ყიფშიძე
260 _aთბილისი
260 _bმერანი
260 _c1992
300 _a544 გვ. 20 სმ.
541 _h10 ლ.
653 _aთხზულებანი : 25 ტომად. ტ. 1 : გრაფი მონტე-კრისტო. ნაწ. 1-2
653 _aრომანი
942 _cBK
999 _c56632
_d56632